La mia storia /

Guardat en:
Dades bibliogràfiques
Autors principals: Hudson, Rock (Autor), Davidson, Sara (Autor)
Format: Llibre
Idioma:italià
Publicat: \Milano! : Euroclub, 1987
Col·lecció:Vita vissuta
Matèries:
Etiquetes: Afegir etiqueta
Sense etiquetes, Sigues el primer a etiquetar aquest registre!

MARC

LEADER 00000nam a22000007i 4500
001 IT\ICCU\CFI\0045031
003 ItRI
005 20250111215015.0
008 871128s1987 it |||||| ||||| |||||c
040 |b ita  |c Arcigay Genova 
041 7 |a ita  |2 ISO-639-2 
082 |a 791.430280924  |2 19 
100 1 |a Hudson, Rock  |0 IT\ICCU\CFIV\028688  |4 aut 
240 1 0 |a Rock Hudson, his story. -  |9 Hudson, Rock 
245 1 3 |a La mia storia /  |c Rock Hudson ; in collaborazione con Sara Davidson. 
260 |a \Milano! :  |b Euroclub,  |c 1987 
300 |a 292 p., \8! c. di tav. :  |b ill. ;  |c 23 cm 
500 |a Trad. di Giorgio Cuzzelli. 
650 7 |a Hudson, Rock  |x Autobiografia  |2 scbi 
700 1 |a Davidson, Sara  |0 IT\ICCU\CFIV\028694  |4 aut 
830 0 |a Vita vissuta  |0 IT\ICCU\RAV\0109025 
942 |2 ddc  |c BK 
952 |0 0  |1 0  |2 ddc  |4 0  |6 927_920000000000000_HUD_MIA  |7 1  |9 2809  |a GE  |b GE  |d 2025-01-11  |l 0  |o 927.92 HUD MIA  |p 1438  |r 2025-01-11 21:58:56  |w 2025-01-11  |x Donazione di Alvaro Bazzano  |y BK  |z Donazione AB 
981 1 |6 z01  |a i   |b xxxe  
982 1 |6 z01  |a n 
999 |c 2420  |d 2420